Detekcia objektov pri jazdnom manévri autonómneho vozidla

Salvato in:
Dettagli Bibliografici
Autore principale: Kiss, Peter (Autore)
Altri autori: Magdolen, Ľuboš (Relatore della tesi)
Natura: Manoscritto Libro
Lingua:slovacco
Pubblicazione: 2023
Soggetti:
Accesso online:http://is.stuba.sk/zp/portal_zp.pl?podrobnosti=170218
Tags: Aggiungi Tag
Nessun Tag, puoi essere il primo ad aggiungerne!!

MARC

LEADER 00000ntm a22000003a 4500
001 stuzp94729
003 SK-STU
005 20240424133254.1
007 ta
008 150427s2015----xo-----f-mn---000-0-slo-d
040 |a STU  |b slo 
041 0 |a slo 
100 1 |a Kiss, Peter  |u 020030  |4 aut  |U SjF Strojnícka fakulta  |T SjF Ústav dopravnej techniky a konštruovania  |X 100130  |U J0030  |Y 806  |7 100130 
242 0 1 |a Object detection during the driving maneuver of the autonomous vehicle  |y eng 
245 1 0 |a Detekcia objektov pri jazdnom manévri autonómneho vozidla 
260 |c 2023 
650 4 |a LiDAR  |2 slo 
650 4 |a detekcia objektov  |2 slo 
650 4 |a autonómne riadenie  |2 slo 
650 4 |a strojové učenie  |2 slo 
650 4 |a object detection  |2 eng 
650 4 |a machine learning  |2 eng 
650 4 |a autonomous driving  |2 eng 
650 4 |a LiDAR  |2 eng 
700 1 |a Magdolen, Ľuboš  |u 020030  |k Z1  |4 ths  |U SjF Strojnícka fakulta  |T SjF Ústav dopravnej techniky a konštruovania  |X 2362  |U J0030  |Y 806  |7 A00002362 
856 4 |u http://is.stuba.sk/zp/portal_zp.pl?podrobnosti=170218 
996 |b 284J047533  |c J* 3655/DDP  |l JJSK  |s A  |a 24  |w stuzp94729_0001